| 000 | 00650nam a2200217 a 4500 | ||
|---|---|---|---|
| 001 | 61251 | ||
| 003 | BD-RjUL | ||
| 005 | 20211209080935.0 | ||
| 008 | 170116s1970 enk||||| |||| 00| 0 eng d | ||
| 035 | _a(BD-RjUL)61375 | ||
| 040 |
_aBD-RjUL _beng _cBD-RjUL |
||
| 041 | _aeng | ||
| 082 |
_223 _a808.0427 _bPAR 1970 |
||
| 245 | 0 | 0 |
_aParagraph patterns : _ba program for self-instruction / |
| 260 |
_aNew York : _bMcGraw-Hill, _c1970 |
||
| 300 |
_a106 p. ; _c23 cm. |
||
| 650 |
_aEnglish language _xComposition and exercises _9182501 |
||
| 700 |
_aLearning Technology Incorporated. _9182700 |
||
| 700 |
_aBarrett, Blair _9182701 |
||
| 942 |
_2ddc _cBK |
||
| 999 |
_c61251 _d61251 |
||